| 000 | 00731nam a2200229 4500 | ||
|---|---|---|---|
| 003 | OSt | ||
| 005 | 20240722022524.0 | ||
| 006 | a | ||
| 008 | 240722b |||||||| |||| 00| 0 eng d | ||
| 020 | _a9789810697525 | ||
| 040 |
_aDWCL-HMN lib. _cOC |
||
| 082 |
_2Eighth edition _aCirc. 647.94068 V183c 2009 |
||
| 100 | _aVallen, Gary K. | ||
| 245 | _aCheck in check out: managing hotel operations / | ||
| 250 | _aEighth edition | ||
| 260 |
_aSingapore: _bPearson Education South Asia Pte Ltd., _cc2009. |
||
| 300 |
_axvi, _b604 p. : ill. ; _c26 cm. |
||
| 504 | _aIncludes bibliographical references & index. | ||
| 650 | _a1. Hotel management. | ||
| 650 | _a2. Motel management. | ||
| 942 |
_2ddc _n0 _cBK-CIRC _eEighth edition _kCirc. |
||
| 999 |
_c2491 _d2491 |
||